Pokemon Arenaleiter und Top 4 - 6. Gen. - Statistiken

Allgemein
  • Dieses Quiz wurde 53 mal gespielt
  • Das Durchschnittsergebnis liegt bei 25 aus 34
Antwortstatistiken
Hint Answers % Korrekt
Typ Eis
98%
Typ Fee
98%
Typ Käfer
98%
Typ Psycho
98%
Typ Drache
96%
Typ Kampf
96%
Typ Wasser
96%
Typ Feuer
94%
Typ Gestein
94%
Typ Pflanze
94%
Typ Stahl
94%
Typ Elektro
91%
Name Diantha
79%
Name Viola
79%
Name Astrid
77%
Name Citro
77%
Name Connie
74%
Name Dracena
74%
Name Lino
72%
Name Amaro
70%
Name Galantho
70%
Name Valerie
70%
Name Narcisse
66%
Name Pachira
66%
Name Thymelot
64%
Orden Feenorden
60%
Orden Krabbelorden
55%
Orden Ampereorden
51%
Orden Wallorden
49%
Orden Blattorden
45%
Typ kein best.
43%
Orden Rauforden
40%
Orden Eisbergorden
36%
Orden Psiorden
34%
Keine übereinstimmenden Quizze gefunden
Verteilung der Resultate
Anzahl Personen mit jedem Resultat
Perzentil nach korrekt beantworteten Fragen
Ihre Resultats-Entwicklung
Sie haben dieses Quiz noch nicht gespielt